| 000 | 00000nam##2200000za#4500 |
| 001 | 9.581002 |
| 003 | CaOODSP |
| 005 | 20231208112833 |
| 007 | cr ||||||||||| |
| 008 | 150406|2010||||xxc|||||o f|0| 0 eng|d |
| 040 | |aCaOODSP|beng |
| 043 | |an-cn--- |
| 086 | 1 |aPS83-5/R232E-PDF |
| 110 | 1 |aCorrectional Service Canada. |bResearch Branch. |
| 245 | 10|aAssessing the impact of enhanced drug interdiction activities at Kingston penitentiary : |h[electronic resource]|ba pilot study / |cPrepared by: Sara Johnson and Madelon Cheverie. |
| 260 | |aOttawa - Ontario : |bCorrectional Service Canada. |cDecember 2010. |
| 300 | |a1p. |
| 490 | 1 |aResearch at a glance|vR-232 |
| 590 | |a14-19-Supp|b2014-11-03 |
| 775 | 08|tÉvaluation de l'incidence des activités renforcées de lutte contre la drogue au Pénitencier de Kingston : |w(CaOODSP)9.607889 |
| 830 | #0|aResearch at a glance (Correctional Service Canada)|vR-232|w(CaOODSP)9.506649 |
| 856 | 40|ahttp://publications.gc.ca|qPDF|s91 KB|uhttps://publications.gc.ca/collections/collection_2014/scc-csc/PS83-5-R232-eng.pdf|yR-232 |